• 首页
  • 本馆介绍
  • 公告通知
  • 最新文献
  • 馆藏检索
  • 电子资源
  • 读者导购
  • 参考咨询
  • 我的图书馆
  • 登录
  • 详细信息显示
  • 放入我的书架
  • 预约/预借图书
  • 作者相关作品
  • 分类相关作品
  • 丛书相关作品
  • 出版社相关作品

书目信息

  • 表格格式
  • 工作单格式
  • 卡片格式
题名:
政治经济学简编
    
 
作者: 李志勇 编
分册:  
出版信息: 合肥   安徽人民出版社  1982
页数: 225页
开本: 21cm
丛书名:
单 册:
中图分类: F0-0 , F0
科图分类:
主题词: 政治经济学--概论 , 政治经济学
电子资源:
ISBN:
000 00660nam0 2200253 45
001 0182008330
005 20060731094940.71
010    @dCNY1.00
091    @a4102.144
100    @a19950405d1982 em y0chiy0121 ea
101 0  @achi
102    @aCN@b340000
105    @ay z 000yy
200 10 @a政治经济学简编@Azheng zhi jing ji xue jian bian@f李志勇主编
210    @a合肥@c安徽人民出版社@d1982
215    @a225页@d21cm
606    @a政治经济学@x概论
606 0  @a政治经济学
690    @aF0-0@v3
690    @aF0
701  0 @a李志勇@Ali zhi yong@4编
801  0 @aCN@b上海图书馆@c20060731
801  2 @aCN@bNLC@c20060720
905    @f4@b77260-263@dF0@e29
    
    政治经济学简编/李志勇主编.-合肥:安徽人民出版社,1982
    225页;21cm
    
    
    ISBN :CNY1.00
    
●
相关链接 在E读中查询图书 在五车中查询图书 在当当中查询图书 在豆瓣中查询图书


正题名:政治经济学简编     索取号:F0/29         预约/预借

序号 登录号 条形码 馆藏地/架位号 状态 备注
1 0077260   001265883   密集书库/ [索取号:F0/29] 在馆    
2 0077261   001265570   密集书库/ [索取号:F0/29] 在馆    
3 0077262   001265847   第一借阅区/ [索取号:F0/29] 在馆    
4 0077263   001266230   密集书库/ [索取号:F0/29] 在馆    
5 0077264   001266196   第一样本阅览室/ [索取号:F0/29] 在馆    
6 0424836   204248368   密集书库/ [索取号:F0/29] 在馆    
7 0440771   204407711   密集书库/ [索取号:F0/29] 在馆    
唐山师范学院图书馆 欢迎您!
大连网信软件有限公司© 版权所有